01754nam a2200385 a 4500001001200000003000800012006001900020007001500039008004100054020001800095020001500113020002700128040002100155035002100176043002100197050002600218100002800244245027100272250001200543260005400555300001500609504006600624533015200690650004700842650004000889650006400929650005700993655002901050700003001079710007201109710002501181710001701206856012601223999001901349ebr10369986CaPaEBRm u cr cn|||||||||100331s2006 mnu sb 001 0 eng d z9780977861729 z0977861724 z9781936117222 (e-book) aCaPaEBRcCaPaEBR a(OCoLC)647884541 an-us---an-cn---14aZ231.5.L5bA53 2006eb1 aAnderson, Byron,d1944-10aAlternative publishers of books in North Americah[electronic resource] /cby Byron Anderson ; under the auspices of The Alternatives in Publication Task Force of the Social Responsibilities Round Table of the American Library Association ; preface by Nancy Kranich. a6th ed. aDuluth, Minn. :bLibrary Juice Press, LLC,c2006. aix, 176 p. aIncludes bibliographical references (p. [149]-153) and index. aElectronic reproduction.bPalo Alto, Calif. :cebrary,d2010.nAvailable via World Wide Web.nAccess may be limited to ebrary affiliated libraries. 0aSmall presseszUnited StatesvDirectories. 0aSmall presseszCanadavDirectories. 0aUnderground press publicationszUnited StatesvDirectories. 0aUnderground press publicationszCanadavDirectories. 7aElectronic books.2local1 aKranich, Nancy C.,d1950-2 aAmerican Library Association.bSocial Responsibilities Round Table.2 aLibrary Juice Press.2 aebrary, Inc.40uhttp://site.ebrary.com/lib/rucke/Doc?id=10369986zAn electronic book accessible through the World Wide Web; click to view c110218d110218